Statistics for Formula 1 Points By Nation

Click here to take the quiz!

General Stats

  • This quiz has been taken 556 times
    (174 since last reset)
  • The average score is 31 of 39

Answer Stats

Points ScoredNation% Correct
11,056.78United Kingdom
98%
2,915.5Australia
97%
7,955.5Germany
97%
3,261.5Spain
97%
998United States
97%
3,421Brazil
95%
3,563.47France
95%
4,397.5Finland
93%
2,040.8Italy
93%
2,473.5Netherlands
93%
396Sweden
93%
697.42Argentina
92%
592Canada
91%
12China
90%
256Japan
90%
1,519Mexico
90%
267Russia
89%
1,017Monaco
88%
543.5New Zealand
88%
990.5Austria
85%
274Poland
82%
8Portugal
81%
383Belgium
80%
307Colombia
80%
5India
80%
187Denmark
79%
282South Africa
79%
77Venezuela
77%
348Switzerland
76%
16Ireland
73%
1Hungary
71%
232Thailand
71%
3Chile
66%
0Malaysia
52%
0Czech Republic
50%
0Indonesia
48%
0Uruguay
36%
0Liechtenstein
33%
6Rhodesia
28%

Score Distribution

Percentile by Number Answered

Percent of People with Each Score

Your Score History

You have not taken this quiz since the last reset